| 000 | 01913cam a22001814a 4500 | ||
|---|---|---|---|
| 005 | 20250605164147.0 | ||
| 008 | 250528s ||||||||||||||||||||||||d | ||
| 035 | _a19204 | ||
| 040 |
_aGR-AtMCL _bgre _dGR-AtMCL _eAACR2 |
||
| 245 | 1 | _aΗ Εγκληματολογία της Κοινωνικής Αντίδρασης / Παραδόσεις | |
| 260 |
_bΑντ. Ν. Σάκκουλα, _c1985 |
||
| 300 | _a164 | ||
| 520 | _aΕισαγωγή, Μια Αλλαγή Παραδείγματος στην Εγκληματολογία, Οριοθέτηση του Αντικειμένου, Η Κοινωνική Κατασκευή του Εγκλήματος (Η Δημιουργία του Ποινικού Νόμου), Συναίνεση Έναντι Σύγκρουσης - Τα Δύο Αντιτιθέμενα Θεωρητικά Πρότυπα, Η Δημιουργία του Ποινικού Νόμου υπό το Πρίσμα του Συναινετικού και του Συγκρουσιακού Πρότυπου, Η Κοινωνική Κατασκευή του Εγκληματία (Η Εφαρμογή του Ποινικού Νόμου), Το Σύστημα και η Λειτουργία της Ποινικής Δικαιοσύνης, Η Είσοδος στο Σύστημα της Ποινικής Δικαιοσύνης (Η Επισήμανση της Εγκληματικότητας), Η Αναδόμηση του Αντικειμένου, Η Έξοδος από το Σύστημα της Ποινικής Διακιοσύνης (Το Έτοιμο Προϊόν), Οι Συνέπειες του Στίγματος, Η Λειτουργία της Επίσημης Κοινωνικής Αντίδρασης (Η Δημιουργία της Άτυπης Κοινωνικής Αντίδρασης). | ||
| 700 | 1 |
_aΔασκαλάκης Ηλίας _95444 |
|
| 942 | _cBK | ||
| 999 |
_c4473 _d4473 |
||